[Event "55th Biel GM Rapid 2022"]
[Site "Biel SUI"]
[Date "2022.07.12"]
[Round "1.2"]
[White "Kamsky, Gata"]
[Black "Le, Quang Liem"]
[Result "0-1"]
[WhiteTitle "GM"]
[BlackTitle "GM"]
[WhiteElo "2655"]
[BlackElo "2722"]
[WhiteFideId "2000024"]
[BlackFideId "12401137"]
[EventDate "2022.07.12"]

1. e4 e5 2. Nf3 Nc6 3. Bb5 a6 4. Ba4 Nf6 5. O-O Be7 6. Re1 b5 7. Bb3 d6 8. c3
O-O 9. d4 Bg4 10. d5 Na5 11. Bc2 c6 12. h3 Bc8 13. dxc6 Qc7 14. Nbd2 Qxc6 15.
Nf1 Nc4 16. Ng3 Be6 17. Nh4 Rfc8 18. Nhf5 Bf8 19. Qf3 Ne8 20. Rd1 g6 21. b3 Nb6
22. Nh6+ Bxh6 23. Bxh6 Qxc3 24. Bd3 Qc7 25. h4 Qe7 26. h5 Nd7 27. Nf5 gxf5 28.
exf5 Kh8 29. fxe6 fxe6 30. Rac1 Nef6 31. Be2 Rg8 32. Qb7 Nd5 33. Bf3 Qf6 34.
Qxd7 Rad8 35. Bg7+ Rxg7 36. Rc8 Rxd7 0-1